| 000 | 00629nam a22002057a 4500 | ||
|---|---|---|---|
| 999 |
_c12680 _d12680 |
||
| 003 | MIRAKIL | ||
| 005 | 20190205151908.0 | ||
| 008 | 190205b tu ||||| |||| 00| 0 tur d | ||
| 020 | _a9786053322115 | ||
| 040 |
_aTR-AnCHP _cTR-AnCHP |
||
| 041 | _atur | ||
| 082 |
_a813.42 _bS79p 2012 |
||
| 100 | _aSözer, Önay | ||
| 245 | 1 | 0 |
_aPiri Reis'in kayıp adası / _cÖnay Sözer. |
| 260 |
_aİstanbul: _bTürkiye İş Bankası Kültür Yayınları, _c2014. |
||
| 300 |
_a325 s. _c20 sm. |
||
| 490 | 0 |
_aTürkiye İş Bankası Kültür Yayınları ; _vgenel yayın: 3081. |
|
| 650 | 0 |
_919 _aTürk edebiyatı _xRoman |
|
| 942 |
_2ddc _cBKS |
||